Geographie nach Buchstabe - A - Statistiken

Allgemein
  • Dieses Quiz wurde 24.444 mal gespielt
    24.439 seit der letzten Aktualisierung
  • Das Durchschnittsergebnis liegt bei 14 aus 22
Antwortstatistiken
Hinweis Antwort % Korrekt
Der größte Fluss der Welt Amazonas
95%
Südamerikanisches Land Argentinien
95%
Größter Kontinent Asien
95%
"Down under" Australien
92%
Ein Buch bestehend aus Karten Atlas
85%
Die USA kauften dies von Russland im Jahr 1867 Alaska
76%
Land in den Pyrenäen Andorra
76%
Höchste Bergkette in Amerika Anden
69%
Die erste Demokratie der Welt Athen
68%
Größte Stadt in Neuseeland Auckland
68%
Hauptstadt der Vereinigten Arabischen Emirate Abu Dhabi
67%
Meer zwischen Italien und der Balkanhalbinsel Adriatisches Meer
67%
Niederländisch-basierte Sprache welche in Südafrika gesprochen wird Afrikaans
55%
Diese Stadt hatte die größte Bibliothek der Antike Alexandria
55%
Portugiesische Inselgruppe im Mittelatlantik Azoren
55%
Eine Amtssprache der UNO Arabisch
50%
Hauptstadt von Paraguay Asunción
44%
Drittgrößte Stadt Schottlands Aberdeen
41%
Provinz Kanadas Alberta
39%
Dieses Land wird auch "Graveyard of Empires" gennant Afghanistan
30%
Berg auf dem die Arche Noah angeblich landete Ararat
26%
Region, die aus einer Inselgruppe besteht Archipel
21%
Keine übereinstimmenden Quizze gefunden
Verteilung der Resultate
Anzahl Personen mit jedem Resultat
Perzentil nach korrekt beantworteten Fragen
Ihre Resultats-Entwicklung
Sie haben dieses Quiz seit der letzten Aktualisierung nicht gespielt